=LDR 00000nam 2200000 4500 =001 INLIS000000000022501 =005 20130612121243 =008 ***********************************Ind** =035 ##$$0010-061300000022501 =041 ##$$a Ind =082 ##$$a 342 =090 ##$$a 342, Ass p =100 ##$$a Asshiddqie, Jimly =245 ##$$a Pergumulan peran pemerintah dan parlemen dalam sejarah =260 ##$$a 1996 $b Jakarta =300 ##$$a 155 hlm21 cm =650 ##$$a Politik =850 ##$$a NBPNMAT